Učitavanje...

Panfish book, Department of fisheries, Kollam District, 2001

Bibliografski detalji
Format: Printed Book
LEADER 00417nam a2200193 4500
020
082
100
245 |a Panfish book, Department of fisheries, Kollam District, 2001 
250
260
300
490
500
590 |a Sajana  |b 2011-04-25 12:25:20 
650
942 |c BK 
999 |c 101797  |d 101797 
952 |0 0  |1 0  |4 0  |7 0  |9 115265  |a AQU  |b AQU  |l 0  |p AQUP123  |r 2019-09-25  |w 2019-09-25  |y BK